ロード中...

Education and national integration in India

書誌詳細
第一著者: Sita Ram Sharma
フォーマット: Printed Book
出版事項: New Delhi, Akashdeep Publishing 1992
シリーズ:4
主題:
LEADER 004990000a22001570004500
020 |a 81-7158-280-X 
082 |a 370.193 42 N2.4 
100 |a Sita Ram Sharma 
245 |a Education and national integration in India 
260 |a New Delhi, Akashdeep Publishing 
260 |c 1992 
490 |a 4 
650 |a Nationalism 
942 |c BK 
999 |c 4717  |d 4717 
952 |0 0  |1 0  |4 0  |6 370_193000000000000_42_N2_4  |7 0  |8 ENG  |9 4509  |a MGUL  |b MGUL  |d 2013-07-16  |l 1  |o 370.193 42 N2.4  |p 20684  |r 2014-02-28  |s 2013-07-17  |w 2013-07-16  |y BK